| 000 | 01615nam a2200469 i 4500 | ||
|---|---|---|---|
| 001 | 28888 | ||
| 003 | KOSZ 005 | ||
| 005 | 20200616083501.0 | ||
| 008 | 971016s1989 pl f |000 0 pol | ||
| 015 | _aUWD 1989/5548 | ||
| 020 | _a8321403964 | ||
| 035 | _a991002910569705066 | ||
| 035 | _a(PL-WaBN)b10789054-48omnis_nlop | ||
| 035 | _ab10789054 | ||
| 035 | _a(OCoLC)834768965 | ||
| 035 | _a(PL)b0000001078905 | ||
| 035 | _a(EXLNZ-48OMNIS_NETWORK)9910067531605606 | ||
| 040 |
_aWA N _cWA N _dKOSZ 005/EG |
||
| 041 | 0 | _apolita | |
| 046 | _k1964 | ||
| 080 | _a811.131.1:811.162.1'374 | ||
| 100 | 1 |
_aMeisels, Wojciech _d(1894-1969) _eAutor |
|
| 245 | 1 | 0 |
_aPodręczny słownik włosko-polski. _nT. 2, _pM-Z / _cWojciech Meisels. |
| 246 | 3 | 1 | _aDzizionario practico italiano polacco |
| 250 |
_a[Wyd. 3 / _boprac. wyd. rozsz. Hanna Cieśla et al.]. |
||
| 260 |
_aWarszawa : _b"Wiedza Powszechna", _c1989. |
||
| 300 |
_a749, [3] s. ; _c21 cm. |
||
| 336 |
_aTekst _btxt _2rdacontent |
||
| 337 |
_aBez urządzenia pośredniczącego _bn _2rdamedia |
||
| 338 |
_aWolumin _bnc _2rdacarrier |
||
| 380 | _aKsiążki | ||
| 388 | _a1901-2000 | ||
| 388 | _a1945-1989 | ||
| 500 | _aTyt. równol. : Dizionario practico italiano-polacco. | ||
| 655 | 7 |
_aSłownik włosko-polski _2DBN |
|
| 658 | _aJęzykoznawstwo | ||
| 700 | 1 |
_aCieśla, Hanna _eOpracowanie |
|
| 710 | 2 |
_aPaństwowe Wydawnictwo Wiedza Powszechna _4pbl |
|
| 856 |
_uhttp://koha.tu.koszalin.pl/cgi-bin/koha/opac-detail.pl?biblionumber=28888 _yKatalog online BPK |
||
| 942 |
_2UKD _cKS |
||
| 999 |
_c28888 _d28888 |
||